Statistics for biggest cities in Greece

Click here to take the quiz!

General Stats

  • This quiz has been taken 549 times
  • The average score is 8 of 15

Answer Stats

Hint Answer % Correct
3,074,160athens
100%
790,824thessaloniki
87%
214,580patra
72%
163,380larissa
62%
144,420volos
56%
108,310chania
52%
111,740ioannina
50%
118,623rhodes
46%
74,720lamia
43%
80,900trikala
39%
76,240serres
36%
102,420chalkida
34%
93,930agrinio
31%
86,170katerini
30%
173,450herakleion
22%

Score Distribution

Percentile by Number Answered

Percent of People with Each Score

Your Score History

You have not taken this quiz